Las relaciones humanas en la administración (Registro nro. 3033)
[ vista simple ]
| 000 -LEADER | |
|---|---|
| fixed length control field | 01579 a2200217 4500 |
| 001 - CONTROL NUMBER | |
| control field | 39353 |
| 005 - DATE AND TIME OF LATEST TRANSACTION | |
| control field | 20260407155652.0 |
| 008 - FIXED-LENGTH DATA ELEMENTS--GENERAL INFORMATION | |
| fixed length control field | 260407a1964 arg spa d |
| 003 - CONTROL NUMBER IDENTIFIER | |
| control field | AR-UNSa-BCEJYS |
| 040 ## - CATALOGING SOURCE | |
| Original cataloging agency | AR-UNSa-BCEJYS |
| Language of cataloging | spa |
| Transcribing agency | AR-UNSa-BCEJYS |
| 080 ## - UNIVERSAL DECIMAL CLASSIFICATION NUMBER | |
| Universal Decimal Classification number | 658.3 |
| Common auxiliary subdivision | Personal. Relaciones humanas en la empresa (Recursos Humanos) |
| 100 1# - MAIN ENTRY--PERSONAL NAME | |
| Personal name | Soto Olivares, Jesús |
| 245 10 - TITLE STATEMENT | |
| Title | Las relaciones humanas en la administración |
| Name of part/section of a work | con lecturas y casos |
| 264 #1 - PRODUCTION, PUBLICATION, DISTRIBUTION, MANUFACTURE, AND COPYRIGHT NOTICE | |
| Place of production, publication, distribution, manufacture | México : |
| Name of producer, publisher, distributor, manufacturer | CECSA (Compañia Editorial Continental) |
| Date of production, publication, distribution, manufacture, or copyright notice | 1964 |
| 300 ## - PHYSICAL DESCRIPTION | |
| Extent | 673 p. |
| Dimensions | 22 cm. |
| 505 ## - FORMATTED CONTENTS NOTE | |
| Formatted contents note | Parte I: Perspectivas administrativas: 1. Educación para ejecutivos - Parte II: Organizaciones: 2. La organización como un sistema social - 3. La motivación en las organizaciones - 4. La organización y la persona - 5. Grupos informales: estructura y procesos - Parte III: Personal administrativo: 6. El puesto de funcionario en la organización - 7. Burocracia - 8. Ejecutivos - 9. Especialistas - 10. Supervisores - Parte IV: Relaciones administrativas: 11. Poder - 12. Autoridad - 13. Posición relativa - Parte V: Acción administrativa: 14. Comunicación - 15. Decisiones - 16. Liderato - 17. Subordinación - 18. Control - Parte VI: Medio interno y medio externo : 19. Tecnología - 20. Ficciones de organización - 21. Organización y sociedad - Parte VII: Casos de relaciones humanas en la administración. |
| 590 ## - LOCAL NOTE (RLIN) | |
| Local note | niveau_biblio:m niveau_hierar:0 |
| 700 1# - ADDED ENTRY--PERSONAL NAME | |
| Personal name | Dubin, Robert |
| 856 41 - ELECTRONIC LOCATION AND ACCESS | |
| Uniform Resource Identifier | <a href="https://biblioeco.unsa.edu.ar/pmb/images/libros/L22831.jpg">https://biblioeco.unsa.edu.ar/pmb/images/libros/L22831.jpg</a> |
| Link text | Imagen de portada |
| Electronic format type | image/jpeg |
| 942 ## - ADDED ENTRY ELEMENTS (KOHA) | |
| Koha item type | |
| Withdrawn status | Lost status | Damaged status | Not for loan | Home library | Current library | Shelving location | Date acquired | Total checkouts | Full call number | Barcode | Date last seen | Price effective from | Koha item type |
|---|---|---|---|---|---|---|---|---|---|---|---|---|---|
| Biblioteca Prof. Eusebio Cleto del Rey | Biblioteca Prof. Eusebio Cleto del Rey | 07/04/2026 | 658.3 D813 | L22831 | 07/04/2026 | 07/04/2026 | Libro | ||||||
| Biblioteca Prof. Eusebio Cleto del Rey | Biblioteca Prof. Eusebio Cleto del Rey | 07/04/2026 | 658.3 D813 | L21722 | 07/04/2026 | 07/04/2026 | Libro | ||||||
| Biblioteca Prof. Eusebio Cleto del Rey | Biblioteca Prof. Eusebio Cleto del Rey | 07/04/2026 | 658.3 D813 | L22830 | 07/04/2026 | 07/04/2026 | Libro | ||||||
| Biblioteca Prof. Eusebio Cleto del Rey | Biblioteca Prof. Eusebio Cleto del Rey | 07/04/2026 | 658.3 D813 | L21723 | 07/04/2026 | 07/04/2026 | Libro |